Presidents of Portugal (with photos) - Statistics

General Stats
  • This quiz has been taken 30 times
  • The average score is 10 of 19
Answer Stats
Picture Answer % Correct
Cavaco Silva
86%
Marcelo Rebelo de Sousa
81%
Jorge Sampaio
71%
Ramalho Eanes
71%
Manuel Arriaga
67%
Mário Soares
67%
Teófilo Braga
57%
Américo Tomás
52%
António de Spínola
52%
Óscar Carmona
52%
Manuel Gomes da Costa
48%
Sidónio Pais
43%
Bernardino Machado
38%
Francisco Costa Gomes
38%
Francisco Craveiro Lopes
38%
João do Canto e Castro
29%
José Mendes Cabeçadas
29%
Manuel Teixeira Gomes
24%
António José de Almeida
19%
No matching quizzes found
Score Distribution
Percent of People with Each Score
Percentile by Number Answered
Your Score History
You have not taken this quiz